Hồ Chí Minh toàn tập T.6 1950-1952

Gồm những bài nói, bài viết của Chủ tịch Hồ Chí Minh từ ngày 1/1/1950 đến cuối tháng 12/1952 thể hiện những tư tưởng, chủ trương, hoạt động rộng lớn của Hồ Chí Minh về đối nội, đối ngoại để lãnh đạo toàn Đảng, toàn dân đẩy mạnh kháng chiến...

全面介绍

Đã lưu trong:
书目详细资料
主要作者: Hồ Chí Minh
格式: 图书
语言:Vietnamese
出版: H. Chính trị Quốc gia 2004
版:Tái bản lần thứ 2
主题:
标签: 添加标签
没有标签, 成为第一个标记此记录!
Thư viện lưu trữ: Mạng thư viện Đại học Đà Nẵng
LEADER 01791aam a22003978a 4500
001 000007477
003 3639
005 20111004151016.0
008 111004s2004 viesd
020 |d 1500b 
041 0 |a vie 
082 1 4 |2 14  |a 335.501  |b HÔ-M 
100 1 |a Hồ Chí Minh 
245 1 0 |a Hồ Chí Minh toàn tập  |c Hồ Chí Minh  |n T.6  |p 1950-1952 
250 |a Tái bản lần thứ 2 
260 |a H.  |b Chính trị Quốc gia  |c 2004 
300 |a 688tr., 2tr. ảnh  |c 22cm 
504 |a Phụ lục: tr. 654-673 
520 |a Gồm những bài nói, bài viết của Chủ tịch Hồ Chí Minh từ ngày 1/1/1950 đến cuối tháng 12/1952 thể hiện những tư tưởng, chủ trương, hoạt động rộng lớn của Hồ Chí Minh về đối nội, đối ngoại để lãnh đạo toàn Đảng, toàn dân đẩy mạnh kháng chiến 
650 7 |2 Bộ TK TVQG  |a Tư tưởng Hồ Chí Minh 
650 7 |2 Bộ TK TVQG  |a Kháng chiến chống Pháp 
650 7 |2 Bộ TK TVQG  |a Cách mạng 
655 7 |2 Bộ TK TVQG  |a Toàn tập 
773 |a Hồ Chí Minh  |b Tái bản lần thứ 3  |d H.  |d 2009  |d Chính trị Quốc gia  |t Hồ Chí Minh toàn tập  |w 418731 
773 |d Chính trị Quốc gia  |d H.  |t Hồ Chí Minh toàn tập  |w 3600 
910 |a Nguyễn Thị Kim Oanh  |d 04/10/2011 
OWN |a LSP 
AVA |a UDN50  |b LSP  |d 335.501 HÔ-M  |e available  |t Error 5001 Not defined in file expand_doc_bib_avail.  |f 3  |g 0  |h N  |i 0  |k 1 
999 |a From the UDN01 
AVA |a UDN50  |b LSP  |d 335.501 HÔ-M  |e available  |t Error 5001 Not defined in file expand_doc_bib_avail.  |f 3  |g 0  |h N  |i 0  |k 1 
TYP |a Monograph 
TYP |a Printed language 
980 |a Mạng thư viện Đại học Đà Nẵng